| 000 | 00598nam a22002057a 4500 | ||
|---|---|---|---|
| 999 |
_c6345 _d6345 |
||
| 003 | AR-CdUCM | ||
| 008 | 190314b ||||| |||| 00| 0 spa d | ||
| 040 |
_aMUNICIPALIDAD PROVINCIAL DEL CUSCO _cBIBLIOTECA MUNICIPAL DEL CUSCO |
||
| 082 |
_a869.56 / _bR77 |
||
| 100 |
_aRojas Gasco, Augusto Flavio _918131 |
||
| 245 | _aNoche de alucinados / | ||
| 260 |
_aLima : _bEstela Hnos, _c1989. |
||
| 300 |
_a93 páginas ; _c19 cm. |
||
| 505 | _aContenido : Poemas | ||
| 650 |
_aPoesía _9444 |
||
| 650 |
_aLiteratura _9416 |
||
| 650 |
_aPoesía peruana _911982 |
||
| 942 |
_2ddc _cLIBROS |
||
| 945 | _admma | ||